000 00919nam a2200277 a 4500
001 42116
003 BD-RjUL
005 20211209053509.0
008 160609s1983 bg b 000 0 eng
020 _cTk175.00
035 _a(BD-RjUL)42234
040 _aDLC
_cDLC
_dDLC
_d(BD-RjUL)
_beng
041 _aeng
082 0 0 _a327.54
_219
_bZAI 1983
100 2 _aZafar Shah, M. A.
_q(Mohammad Azher)
_9129523
245 1 0 _aIndia and the superpowers :
_bIndia's political relations with the superpowers in the 1970s /
_cM.A. Zafar Shah.
260 _aDhaka, Bangladesh :
_bUniversity Press,
_c1983.
300 _a[8], 202 p. ;
_c23 cm.
504 _aBibliography: p. [197]-202.
650 0 _aNeutrality
_zIndia.
_9129524
650 0 _aGreat powers.
_9129525
651 0 _aIndia
_xForeign relations.
_9129526
651 0 _aSouth Asia
_xPolitics and government.
_9126623
942 _2ddc
_cBK
999 _c42116
_d42116